[Event "Klaipeda Rooks Cup"]
[Site "Klaipeda"]
[Date "2022.04.07"]
[Round "8"]
[White "Piksrys, Rutenis"]
[Black "Barsciauskas, Gintautas"]
[Result "1-0"]
[WhiteElo "1552"]
[BlackElo "1531"]
[PlyCount "129"]
[EventDate "2022.03.15"]
[EventType "swiss"]
[EventRounds "8"]
[EventCountry "LTU"]
[SourceTitle "CBM 207 Extra"]
[Source "ChessBase"]
[SourceDate "2022.05.31"]
[SourceVersion "1"]
[SourceVersionDate "2022.05.31"]
[SourceQuality "1"]

1. b3 Nf6 2. Bb2 e6 3. Nf3 c5 4. e3 Nc6 5. Be2 d5 6. d4 Be7 7. 0-0 0-0 8. Nbd2 Re8 9. c4 cxd4 10. Nxd4 Bf8 11. a3 e5 12. N4f3 a5 13. cxd5 Nxd5 14. Qc2 Bg4 15. Nc4 e4 16. Nd4 Bxe2 17. Qxe2 Nxd4 18. Bxd4 b5 19. Nd2 b4 20. a4 Nc3 21. Qg4 Qd5 22. Rfe1 Re6 23. Rac1 Rg6 24. Qh4 Rh6 25. Qg3 Re8 26. f4 Ree6 27. Qf2 Rc6 28. Nc4 Nxa4 29. Ra1 Rxc4 30. bxc4 Qc6 31. Qc2 Nc3 32. Bxc3 Qxc4 33. Rxa5 bxc3 34. Ra4 Qd3 35. Re2 f5 36. Qa2+ Kh8 37. Ra8 Rf6 38. Rc8 h6 39. Qc2 Kh7 40. Rxc3 Qa6 41. Qa2 Qd6 42. Rd2 Qb6 43. Rb3 Qc7 44. Qc2 Qa7 45. Rd5 h5 46. Kf2 g6 47. Rc3 Rf7 48. Rd8 Bg7 49. Rc6 Qa1 50. Rdd6 Bf6 51. Rc7 Rg7 52. Rxg7+ Bxg7 53. Kg3 Qe1+ 54. Qf2 Qb4 55. Rd7 Qa4 56. Qd2 Qa1 57. Qd4 Kh6 58. Qxa1 Bxa1 59. Kf2 Bc3 60. Ke2 Ba5 61. Kd1 Bb4 62. Rb7 Ba5 63. Kc2 h4 64. h3 Kh5 65. Rh7# 1-0

[Event "LTU-ch sf"]
[Site "Klaipeda"]
[Date "2018.10.14"]
[Round "7"]
[White "Piksrys, Rutenis"]
[Black "Pidluznij, Gleb"]
[Result "0-1"]
[WhiteElo "1562"]
[BlackElo "1878"]
[PlyCount "62"]
[EventDate "2018.09.23"]
[EventType "swiss"]
[EventRounds "9"]
[EventCountry "LTU"]
[SourceTitle "CBM 187 Extra"]
[Source "ChessBase"]
[SourceDate "2018.11.04"]
[SourceVersion "1"]
[SourceVersionDate "2018.11.04"]
[SourceQuality "1"]

1. d4 Nf6 2. Bf4 c5 3. d5 b5 4. c4 Bb7 5. Nc3 b4 6. Nb5 d6 7. Qa4 Nbd7 8. a3 a6 9. Nxd6+ exd6 10. axb4 Qc7 11. Nf3 Ne4 12. e3 cxb4 13. Qxb4 Qb6 14. Qa3 g6 15. b4 Bg7 16. Rc1 a5 17. b5 a4 18. Bd3 Qa5+ 19. Kf1 Nd2+ 20. Ke2 Nxf3 21. gxf3 Nc5 22. Bxd6 Nb3 23. Rc2 0-0-0 24. Bb4 Qa8 25. Ra2 Rhe8 26. Kd1 Bxd5 27. Kc2 Bxf3 28. Rb1 Be4 29. Rxb3 axb3+ 30. Qxb3 Bxd3+ 31. Kc1 Qh1+ 0-1

[Event "LTU-ch sf"]
[Site "Klaipeda"]
[Date "2018.10.06"]
[Round "4"]
[White "Piksrys, Rutenis"]
[Black "Zirnovas, Martynas"]
[Result "0-1"]
[WhiteElo "1562"]
[BlackElo "1834"]
[PlyCount "48"]
[EventDate "2018.09.23"]
[EventType "swiss"]
[EventRounds "9"]
[EventCountry "LTU"]
[SourceTitle "CBM 187 Extra"]
[Source "ChessBase"]
[SourceDate "2018.11.04"]
[SourceVersion "1"]
[SourceVersionDate "2018.11.04"]
[SourceQuality "1"]

1. g4 d5 2. Bg2 e5 3. h3 Nc6 4. d3 Bd6 5. e4 dxe4 6. dxe4 Be6 7. c3 Nge7 8. Nf3 Ng6 9. Qe2 Qe7 10. Be3 0-0 11. Nbd2 Rad8 12. 0-0 Bc5 13. Qb5 Bxe3 14. fxe3 Rd6 15. b3 a6 16. Qxb7 Bc8 17. Qa8 Bxg4 18. Qxa6 Nd4 19. Qc4 Bxf3 20. cxd4 Bxg2 21. Kxg2 Qg5+ 22. Kf2 exd4 23. Qe2 dxe3+ 24. Qxe3 Rxd2+ 0-1

[Event "Klaipeda New Year"]
[Site "Klaipeda"]
[Date "2017.12.30"]
[Round "5.7"]
[White "Piksrys, Rutenis"]
[Black "Scekaciov, Rostislav"]
[Result "0-1"]
[WhiteElo "1526"]
[BlackElo "1332"]
[PlyCount "138"]
[EventDate "2017.12.26"]
[EventType "swiss"]
[EventRounds "5"]
[EventCountry "LTU"]
[SourceTitle "EXT 2024"]
[Source "ChessBase"]
[SourceDate "2023.10.10"]
[SourceVersion "1"]
[SourceVersionDate "2023.10.10"]
[SourceQuality "1"]

1. g4 g6 2. Bg2 Bg7 3. c4 c6 4. Nc3 d6 5. h3 h5 6. g5 Nd7 7. Nf3 e5 8. d3 Ne7 9. e4 Nb6 10. Bd2 d5 11. b3 d4 12. Ne2 c5 13. Nh4 Nc6 14. f4 a5 15. f5 Qd6 16. fxg6 fxg6 17. 0-0 Nb4 18. Rf3 Bd7 19. a3 Nc6 20. Ng3 0-0-0 21. Qe2 Rhf8 22. Raf1 a4 23. bxa4 Nxa4 24. Rf7 Rxf7 25. Rxf7 Bh8 26. Kh2 Nc3 27. Qf3 Na5 28. Nxg6 Qxg6 29. Qxh5 Qxh5 30. Nxh5 Nb3 31. Be1 Nc1 32. Bf1 Ba4 33. g6 Be8 34. Bh4 Bxf7 35. gxf7 Rf8 36. Bg5 Rxf7 37. Kg1 Nb3 38. h4 Kb8 39. Ng3 Bf6 40. Nf5 Bxg5 41. hxg5 Kc7 42. Kg2 Nd1 43. Kg3 Ne3 44. Bh3 Nxf5+ 45. exf5 Kd7 46. f6+ Ke8 47. Kg4 Rh7 48. Bg2 Rd7 49. g6 Kf8 50. Kf5 Nc1 51. Be4 Ne2 52. Kxe5 Ng3 53. Bd5 Nh5 54. Ke6 Rd8 55. Bxb7 Rb8 56. Be4 Rb6+ 57. Kd5 Nxf6+ 58. Kxc5 Ra6 59. Kxd4 Nxe4 60. Kxe4 Rxg6 61. Kd5 Ra6 62. c5 Rxa3 63. d4 Ke7 64. Kc6 Kd8 65. Kd6 Rh3 66. c6 Rh6+ 67. Kc5 Kc7 68. d5 Rh5 69. Kd4 Kd6 0-1

[Event "Klaipeda-ch sf"]
[Site "Klaipeda"]
[Date "2017.10.07"]
[Round "5"]
[White "Piksrys, Rutenis"]
[Black "Scekaciov, Rostislav"]
[Result "1-0"]
[WhiteElo "1529"]
[BlackElo "1315"]
[PlyCount "53"]
[EventDate "2017.09.17"]
[EventType "swiss"]
[EventRounds "9"]
[EventCountry "LTU"]
[SourceTitle "EXT 2019"]
[Source "ChessBase"]
[SourceDate "2018.10.10"]
[SourceVersion "1"]
[SourceVersionDate "2018.10.10"]
[SourceQuality "1"]

1. d4 Nf6 2. Bf4 g6 3. Nc3 Bg7 4. e4 d6 5. e5 dxe5 6. dxe5 Nfd7 7. e6 Ne5 8. Qxd8+ Kxd8 9. 0-0-0+ Ke8 10. Nd5 Nbc6 11. Nxc7+ Kf8 12. Nxa8 fxe6 13. Nc7 a6 14. Be2 h6 15. Nf3 Nxf3 16. Bxf3 g5 17. Bxc6 gxf4 18. Rd8+ Kf7 19. Rxh8 Bxh8 20. Bf3 Be5 21. Na8 Bd4 22. Rd1 e5 23. Rd2 Ke8 24. Nc7+ Kd7 25. c3 Kxc7 26. cxd4 exd4 27. Rxd4 1-0

[Event "Vilnius Boksto op"]
[Site "Vilnius"]
[Date "2017.05.20"]
[Round "6"]
[White "Piksrys, Rutenis"]
[Black "Borisovaite, Ana"]
[Result "1-0"]
[WhiteElo "1547"]
[BlackElo "1359"]
[PlyCount "57"]
[EventDate "2017.04.30"]
[EventType "swiss"]
[EventRounds "8"]
[EventCountry "LTU"]
[SourceTitle "CBM 178 Extra"]
[Source "ChessBase"]
[SourceDate "2017.06.22"]
[SourceVersion "1"]
[SourceVersionDate "2017.06.22"]
[SourceQuality "1"]

1. b3 d5 2. Bb2 e6 3. Nf3 Nf6 4. e3 Nbd7 5. Be2 Be7 6. 0-0 0-0 7. d3 b6 8. Nbd2 Bb7 9. Ne5 Nxe5 10. Bxe5 Nd7 11. f4 f6 12. Bb2 e5 13. Bf3 exf4 14. exf4 c6 15. Re1 Bd6 16. g3 Re8 17. c4 dxc4 18. Ne4 Bb4 19. Re2 cxd3 20. Qxd3 Bf8 21. Rd1 f5 22. Ng5 Nf6 23. Rxe8 Qxe8 24. Qxf5 Bc8 25. Qc2 Bc5+ 26. Kh1 Qg6 27. Qxg6 hxg6 28. Bxc6 Rb8 29. Be5 1-0